Pedagogická prax vo vysokoškolskej príprave učiteľov na príklade Ekonomickej univerzity v Bratislave

Vzťah pedagogickej teórie a praxe z pohľadu vzdelávania učiteľov. Úloha priebežnej pedagogickej praxe. Aktívna práca študentov na fakultných školách ako súčasť výstupovej priebežnej praxe. Komplexný charakter výstupovej súvislej pedagogickej praxe. Rozsah a druh pedagogickej praxe.

Enregistré dans:
Détails bibliographiques
Auteur principal: Orbánová, Darina
Format: Chapitre de livre
Langue:slovaque
Sujets:
Tags: Ajouter un tag
Pas de tags, Soyez le premier à ajouter un tag!

MARC

LEADER 00000naa$a2200000$$$4500
001 0051922
005 20240502071614.9
041 0 |a slo 
044 |a SK 
245 1 0 |a Pedagogická prax vo vysokoškolskej príprave učiteľov na príklade Ekonomickej univerzity v Bratislave  |c Darina Orbánová 
520 |a Vzťah pedagogickej teórie a praxe z pohľadu vzdelávania učiteľov. Úloha priebežnej pedagogickej praxe. Aktívna práca študentov na fakultných školách ako súčasť výstupovej priebežnej praxe. Komplexný charakter výstupovej súvislej pedagogickej praxe. Rozsah a druh pedagogickej praxe. 
610 2 0 |a škola a prax 
610 2 0 |a motivácia pracovná 
610 2 0 |a sebarealizácia 
610 2 0 |a učitelia 
610 2 0 |a vysokoškoláci 
610 2 0 |a prax odborná 
610 2 0 |a pedagogika 
100 1 |a Orbánová, Darina